[Event "CRO-chT (Women) 31st"]
[Site "Veli Losinj"]
[Date "2023.10.14"]
[Round "5.2"]
[White "Kruljac, Petra"]
[Black "Ivekovic, Tihana"]
[Result "1/2-1/2"]
[WhiteElo "1990"]
[BlackElo "2112"]
[PlyCount "66"]
[EventDate "2023.10.11"]
[EventType "team-tourn"]
[EventRounds "9"]
[EventCountry "CRO"]
[SourceTitle "Mega2024 Update 01"]
[Source "Chessbase"]
[SourceDate "2023.11.12"]
[SourceVersion "1"]
[SourceVersionDate "2023.11.12"]
[SourceQuality "1"]
[WhiteTeam "Zagreb Caissa (W)"]
[BlackTeam "Sisak (W)"]
[WhiteTeamCountry "CRO"]
[BlackTeamCountry "CRO"]

1. c4 Nf6 2. Nc3 e6 3. e4 d5 4. cxd5 exd5 5. e5 Ng8 6. d4 Ne7 7. Bd3 Bf5 8. Nge2 c6 9. 0-0 g6 10. Bg5 Bxd3 11. Qxd3 Bg7 12. f4 0-0 13. f5 f6 14. exf6 Bxf6 15. Bxf6 Rxf6 16. fxg6 Nxg6 17. Rxf6 Qxf6 18. Rf1 Qe7 19. Ng3 Nd7 20. Nf5 Qe6 21. Qh3 Kh8 22. Qh6 Rg8 23. Nd1 Ngf8 24. Qf4 b6 25. Nh6 Rg6 26. Nf7+ Kg7 27. Nd8 Qe7 28. Qc7 Qe4 29. g3 Qxd4+ 30. Kg2 Qe4+ 31. Kg1 Qd4+ 32. Kg2 Qe4+ 33. Kg1 Qd4+ 1/2-1/2

[Event "CRO-chT (Women) 27th"]
[Site "Biograd"]
[Date "2018.09.14"]
[Round "8.42"]
[White "Ivekovic, Tihana"]
[Black "Kruljac, Petra"]
[Result "1-0"]
[WhiteElo "2114"]
[BlackElo "2069"]
[PlyCount "75"]
[EventDate "2018.09.08"]
[EventType "team-tourn"]
[EventRounds "9"]
[EventCountry "CRO"]
[SourceTitle "CBM 186 Extra"]
[Source "ChessBase"]
[SourceDate "2018.08.24"]
[SourceVersion "1"]
[SourceVersionDate "2018.08.24"]
[SourceQuality "1"]
[WhiteTeam "Rijeka Liburnija (W)"]
[BlackTeam "Novo Virje Konaki (W)"]
[WhiteTeamCountry "CRO"]
[BlackTeamCountry "CRO"]

1. d4 b6 2. Nf3 Bb7 3. c4 e6 4. g3 f5 5. Bg2 Nf6 6. 0-0 Bd6 7. d5 0-0 8. Nd4 Qe7 9. Nc3 c6 10. dxe6 dxe6 11. Qa4 Rc8 12. Qc2 Be5 13. Nf3 Bxc3 14. Qxc3 Ne4 15. Qc2 Nd7 16. Nd2 Nd6 17. e4 Rf8 18. b3 f4 19. Bb2 e5 20. Bh3 Nf6 21. gxf4 Nh5 22. fxe5 Nf4 23. exd6 Nxh3+ 24. Kh1 Qxd6 25. Qc3 Qh6 26. Qg3 Rf7 27. Bc3 Raf8 28. f3 Bc8 29. Rae1 Rd8 30. e5 Rd3 31. Ne4 Bf5 32. Nf6+ Kf8 33. e6 gxf6 34. exf7 Kxf7 35. Qc7+ Rd7 36. Qc8 Qf4 37. Qe8+ Kg7 38. Re7+ 1-0

[Event "CRO-chT (Women) 27th"]
[Site "Biograd"]
[Date "2018.09.13"]
[Round "7.22"]
[White "Kruljac, Petra"]
[Black "Stadler, Brigita"]
[Result "1/2-1/2"]
[WhiteElo "2069"]
[BlackElo "2067"]
[PlyCount "40"]
[EventDate "2018.09.08"]
[EventType "team-tourn"]
[EventRounds "9"]
[EventCountry "CRO"]
[SourceTitle "CBM 186 Extra"]
[Source "ChessBase"]
[SourceDate "2018.08.24"]
[SourceVersion "1"]
[SourceVersionDate "2018.08.24"]
[SourceQuality "1"]
[WhiteTeam "Novo Virje Konaki (W)"]
[BlackTeam "Cakovec (W)"]
[WhiteTeamCountry "CRO"]
[BlackTeamCountry "CRO"]

1. b3 Nf6 2. Bb2 d5 3. e3 Bf5 4. f4 e6 5. Nf3 Nbd7 6. Be2 Ne4 7. 0-0 Ndf6 8. Ne5 h5 9. d3 Nd6 10. c4 c6 11. c5 Nb5 12. b4 a5 13. a3 axb4 14. axb4 Rxa1 15. Bxa1 Qa8 16. Bb2 Be7 17. Bf3 b6 18. e4 Bg4 19. Bxg4 hxg4 20. Nxg4 bxc5 1/2-1/2

[Event "CRO-chT (Women) 26th"]
[Site "Mali Losinj"]
[Date "2017.09.28"]
[Round "1.12"]
[White "Kruljac, Petra"]
[Black "Starcevic, Andrea"]
[Result "1-0"]
[WhiteElo "2065"]
[BlackElo "1879"]
[PlyCount "73"]
[EventDate "2017.09.28"]
[EventType "team-tourn"]
[EventRounds "9"]
[EventCountry "CRO"]
[SourceTitle "EXT 2018"]
[Source "ChessBase"]
[SourceDate "2017.10.13"]
[SourceVersion "1"]
[SourceVersionDate "2017.10.13"]
[SourceQuality "1"]
[WhiteTeam "Rijeka Junior (W)"]
[BlackTeam "Ravna Gora Goranka (W)"]
[WhiteTeamCountry "CRO"]
[BlackTeamCountry "CRO"]

1. d4 d5 2. c4 e6 3. Nc3 Nf6 4. cxd5 exd5 5. Bg5 Be7 6. Qc2 c6 7. e3 Nbd7 8. Bd3 0-0 9. h3 Re8 10. Nf3 Nf8 11. Bf4 Ng6 12. Bh2 Bd6 13. Bxd6 Qxd6 14. 0-0-0 b5 15. Kb1 a5 16. Rc1 Re7 17. g4 Rea7 18. g5 Nd7 19. h4 a4 20. h5 Ngf8 21. Ne2 Bb7 22. Nh4 Nb6 23. g6 h6 24. gxf7+ Kxf7 25. Nf5 Qd8 26. Rcg1 Ne6 27. Rg3 Qf8 28. Nf4 Re8 29. Nxe6 Rxe6 30. Rxg7+ Ke8 31. Rhg1 Qb4 32. Rg8+ Kf7 33. R1g7+ Kf6 34. Rg6+ Kf7 35. R8g7+ Kf8 36. Rxe6 a3 37. Qc5+ 1-0

[Event "CRO-ch (Women)"]
[Site "Djakovo"]
[Date "2015.03.12"]
[Round "5"]
[White "Kruljac, Petra"]
[Black "Saric, Kristina"]
[Result "1/2-1/2"]
[WhiteElo "2067"]
[BlackElo "2152"]
[PlyCount "25"]
[EventDate "2015.03.09"]
[EventType "tourn"]
[EventRounds "9"]
[EventCountry "CRO"]
[SourceTitle "CBM 165 Extra"]
[Source "ChessBase"]
[SourceDate "2015.04.21"]
[SourceVersion "1"]
[SourceVersionDate "2015.04.21"]
[SourceQuality "1"]

1. d4 Nf6 2. c4 e6 3. Nc3 Bb4 4. e3 0-0 5. Nge2 d5 6. a3 Be7 7. cxd5 exd5 8. g3 c6 9. Bg2 Bf5 10. 0-0 Re8 11. f3 h6 12. e4 dxe4 13. fxe4 1/2-1/2

[Event "Valpovo op (Women) 17th"]
[Site "Valpovo"]
[Date "2014.12.07"]
[Round "6.4"]
[White "Kruljac, Petra"]
[Black "Smetisko, Marija"]
[Result "1-0"]
[WhiteElo "2067"]
[BlackElo "1745"]
[PlyCount "133"]
[EventDate "2014.12.05"]
[EventType "swiss (rapid)"]
[EventRounds "7"]
[EventCountry "CRO"]
[SourceTitle "EXT 2023"]
[Source "ChessBase"]
[SourceDate "2022.10.05"]
[SourceVersion "1"]
[SourceVersionDate "2022.10.05"]
[SourceQuality "1"]

1. d4 Nf6 2. c4 g6 3. Nc3 d5 4. e3 Bg7 5. Nf3 0-0 6. Bd3 dxc4 7. Bxc4 Bf5 8. 0-0 Nbd7 9. b4 Nb6 10. Bb3 Nfd5 11. Nxd5 Nxd5 12. Qd2 c6 13. a4 Qb6 14. Ba3 Rfe8 15. a5 Qc7 16. Rac1 Qd7 17. Qa2 Rad8 18. Rc5 Be4 19. Nd2 Bd3 20. Rfc1 e6 21. Bxd5 exd5 22. Qb3 Bb5 23. Nb1 a6 24. R5c2 Qe6 25. Qc3 Qf5 26. Nd2 Qg5 27. Nf3 Qe7 28. Qd2 Qe4 29. Bb2 Qe7 30. Ne5 Bf8 31. Ba3 Bg7 32. Nd3 Qe4 33. Nc5 Qe7 34. Re1 f5 35. Rcc1 Qc7 36. Qd1 Bf8 37. Bb2 Qg7 38. Ba1 Qc7 39. Qf3 Bd6 40. h3 Qe7 41. Qd1 Qc7 42. Qd2 Qe7 43. Qc3 Qc7 44. f3 Bg3 45. Red1 Bd6 46. e4 fxe4 47. fxe4 Qg7 48. e5 Bb8 49. Qe3 Ba7 50. Bc3 Bc4 51. Be1 Qc7 52. Bh4 Rb8 53. Bf6 Qf7 54. Qh6 Bxc5 55. bxc5 Qf8 56. Qh4 Qf7 57. Rd2 Qc7 58. Qh6 Qf7 59. Rf2 Qf8 60. Qg5 Qf7 61. h4 Rf8 62. h5 Bd3 63. Rc3 Be4 64. Rg3 Bb1 65. Qh6 Be4 66. e6 Qxe6 67. hxg6 1-0

[Event "Valpovo op (Women) 17th"]
[Site "Valpovo"]
[Date "2014.12.06"]
[Round "4.2"]
[White "Kruljac, Petra"]
[Black "Purgar, Ivona"]
[Result "0-1"]
[WhiteElo "2067"]
[BlackElo "2126"]
[PlyCount "72"]
[EventDate "2014.12.05"]
[EventType "swiss (rapid)"]
[EventRounds "7"]
[EventCountry "CRO"]
[SourceTitle "EXT 2023"]
[Source "ChessBase"]
[SourceDate "2022.10.05"]
[SourceVersion "1"]
[SourceVersionDate "2022.10.05"]
[SourceQuality "1"]

1. d4 Nf6 2. c4 e6 3. a3 b6 4. Nc3 Bb7 5. d5 d6 6. e4 Be7 7. Nf3 0-0 8. Be2 e5 9. 0-0 a5 10. h3 Na6 11. Be3 Nc5 12. Qc2 a4 13. Bxc5 bxc5 14. b4 axb3 15. Qxb3 Ba6 16. Rfb1 Qd7 17. Qc2 c6 18. Nd2 cxd5 19. exd5 Ne8 20. Na4 Qc7 21. Nc3 f5 22. Rb3 e4 23. Rab1 Nf6 24. f4 Qd8 25. Nf1 Ne8 26. Rb6 Bf6 27. Kh1 Bd4 28. Nd1 Qh4 29. Qc1 Qe1 30. Qd2 Qh4 31. Rb8 Nf6 32. Rxf8+ Rxf8 33. Rb6 Bc8 34. Nh2 e3 35. Nxe3 Ne4 36. Nf3 Qxf4 0-1

[Event "Valpovo op (Women) 17th"]
[Site "Valpovo"]
[Date "2014.12.05"]
[Round "1.6"]
[White "Bogdanic, Antonela"]
[Black "Kruljac, Petra"]
[Result "0-1"]
[WhiteElo "1539"]
[BlackElo "2067"]
[PlyCount "62"]
[EventDate "2014.12.05"]
[EventType "swiss (rapid)"]
[EventRounds "7"]
[EventCountry "CRO"]
[SourceTitle "EXT 2023"]
[Source "ChessBase"]
[SourceDate "2022.10.05"]
[SourceVersion "1"]
[SourceVersionDate "2022.10.05"]
[SourceQuality "1"]

1. e4 e6 2. d4 d5 3. e5 c5 4. c3 Nc6 5. Nf3 Bd7 6. Be2 Qb6 7. 0-0 Nge7 8. Na3 cxd4 9. cxd4 Nf5 10. Nc2 Rc8 11. b3 a5 12. Bb2 a4 13. Ne3 Na5 14. Nxf5 exf5 15. Rb1 axb3 16. axb3 Be7 17. Ba1 0-0 18. Qd3 Rc7 19. Bc3 Rfc8 20. Bxa5 Qxa5 21. Ra1 Qb6 22. Rfb1 Rc3 23. Qd1 f6 24. h3 Be6 25. Ra2 fxe5 26. Nxe5 Bf6 27. f4 g5 28. fxg5 Bxe5 29. Rd2 Bf4 30. Rd3 Rc1 31. Rxc1 Rxc1 0-1

[Event "CRO-chT (Women)"]
[Site "Bol"]
[Date "2014.10.09"]
[Round "6.3"]
[White "Kruljac, Petra"]
[Black "Dejanovic, Tereza"]
[Result "1-0"]
[WhiteElo "2080"]
[BlackElo "1448"]
[PlyCount "61"]
[EventDate "2014.10.04"]
[EventType "team-tourn"]
[EventRounds "7"]
[EventCountry "CRO"]
[SourceTitle "CBM 162 Extra"]
[Source "ChessBase"]
[SourceDate "2014.10.17"]
[SourceVersion "1"]
[SourceVersionDate "2014.10.17"]
[SourceQuality "1"]
[WhiteTeam "Split Mornar (W)"]
[BlackTeam "Sisak (W)"]
[WhiteTeamCountry "CRO"]
[BlackTeamCountry "CRO"]

1. d4 d5 2. c4 e6 3. Nc3 Nf6 4. cxd5 exd5 5. Bg5 Nbd7 6. Qc2 c6 7. e3 Be7 8. Bd3 0-0 9. h3 h6 10. Bf4 Nb6 11. g4 Bd6 12. Bxd6 Qxd6 13. Nf3 Re8 14. 0-0-0 a5 15. g5 Nfd7 16. gxh6 Qxh6 17. Rdg1 Nf8 18. Ne5 Nbd7 19. Ng4 Qh4 20. Rg3 Nf6 21. Nxf6+ Qxf6 22. Rhg1 Ne6 23. f4 Bd7 24. Qg2 Qh6 25. Kb1 Kf8 26. f5 Nc7 27. Nd1 Qf6 28. Qf3 b6 29. Qf4 Rac8 30. Rxg7 Ke7 31. R1g6 1-0

[Event "CRO-chT (Women)"]
[Site "Bol"]
[Date "2014.10.04"]
[Round "1.4"]
[White "Kruljac, Petra"]
[Black "Cvitan, Ena"]
[Result "1/2-1/2"]
[WhiteElo "2080"]
[BlackElo "1804"]
[PlyCount "63"]
[EventDate "2014.10.04"]
[EventType "team-tourn"]
[EventRounds "7"]
[EventCountry "CRO"]
[SourceTitle "CBM 162 Extra"]
[Source "ChessBase"]
[SourceDate "2014.10.17"]
[SourceVersion "1"]
[SourceVersionDate "2014.10.17"]
[SourceQuality "1"]
[WhiteTeam "Split Mornar (W)"]
[BlackTeam "Vrbovsko Goran (W)"]
[WhiteTeamCountry "CRO"]
[BlackTeamCountry "CRO"]

1. d4 Nf6 2. Nf3 e6 3. e3 b6 4. Bd3 Bb7 5. 0-0 d5 6. Ne5 Bd6 7. f4 c5 8. c3 0-0 9. Nd2 Ne4 10. Qc2 f5 11. Ndf3 Nc6 12. Qe2 Nxe5 13. Nxe5 Bxe5 14. fxe5 c4 15. Bxe4 fxe4 16. Rxf8+ Qxf8 17. Bd2 Qe7 18. Rf1 Rf8 19. Rxf8+ Qxf8 20. Qg4 Qf5 21. Qh4 g5 22. Qh5 Qg6 23. Qxg6+ hxg6 24. Kf2 Kg7 25. Kg3 Kh6 26. Kg4 Bc8 27. Bc1 Bb7 28. Bd2 Bc8 29. Be1 Bd7 30. Bd2 Bc8 31. Bc1 Ba6 32. Bd2 1/2-1/2

[Event "CRO-chT2 Center 23rd"]
[Site "Grubisno Polje"]
[Date "2014.03.16"]
[Round "3.2"]
[White "Kruljac, Petra"]
[Black "Takac, Zvonko"]
[Result "1-0"]
[WhiteElo "2073"]
[BlackElo "2020"]
[PlyCount "72"]
[EventDate "2014.03.02"]
[EventType "team-match"]
[EventRounds "11"]
[EventCountry "CRO"]
[SourceTitle "EXT 2016"]
[Source "ChessBase"]
[SourceDate "2015.10.08"]
[SourceVersion "1"]
[SourceVersionDate "2015.10.08"]
[SourceQuality "1"]

1. d4 Nf6 2. c4 e6 3. Nc3 d5 4. cxd5 exd5 5. Bg5 Be7 6. Qc2 0-0 7. e3 c6 8. Bd3 Nbd7 9. Nf3 h6 10. Bh4 c5 11. Bf5 cxd4 12. Nxd4 Nb6 13. 0-0 g6 14. Bd3 Nh5 15. Bxe7 Qxe7 16. a4 Be6 17. a5 Nc4 18. Nxe6 Qxe6 19. Nxd5 Qxd5 20. Qxc4 Rfd8 21. Qxd5 Rxd5 22. Be4 Rb5 23. a6 Re8 24. Bf3 Re6 25. axb7 a6 26. Rfd1 Reb6 27. Rd8+ Kg7 28. h3 Rxb2 29. Ra8 Nf6 30. R8xa6 Nd7 31. Rxb6 Rxb6 32. Ra8 Kf6 33. Rc8 Ke7 34. Bc6 Kd6 35. Bxd7 Rxb7 36. Bg4 h5 1-0

[Event "EU-ch (Women) 14th"]
[Site "Belgrade"]
[Date "2013.07.29"]
[Round "7"]
[White "Stetsko, Lanita"]
[Black "Kruljac, Petra"]
[Result "1-0"]
[WhiteElo "2209"]
[BlackElo "2092"]
[PlyCount "85"]
[EventDate "2013.07.23"]
[EventType "swiss"]
[EventRounds "11"]
[EventCountry "SRB"]
[SourceTitle "CBM 155 Extra"]
[Source "ChessBase"]
[SourceDate "2013.08.26"]
[SourceVersion "1"]
[SourceVersionDate "2013.08.26"]
[SourceQuality "1"]

1. e4 e6 2. d4 d5 3. e5 c5 4. c3 Nc6 5. Nf3 Bd7 6. a3 a5 7. Bd3 Qb6 8. 0-0 Nh6 9. Bc2 cxd4 10. cxd4 Nf5 11. Bxf5 exf5 12. Nc3 Be6 13. Be3 Be7 14. Na4 Qa7 15. Qd3 0-0 16. Rfd1 Qa6 17. Bg5 Qxd3 18. Rxd3 Bxg5 19. Nxg5 b5 20. Nc5 Rfe8 21. Rc1 Rac8 22. f4 b4 23. a4 h6 24. Nf3 Nb8 25. Nd2 Nd7 26. Ndb3 Nb6 27. Nxa5 Nxa4 28. Rb3 Nxc5 29. dxc5 d4 30. Rxb4 d3 31. Rd4 Red8 32. Rxd8+ Rxd8 33. Kf2 Ra8 34. b4 Rb8 35. Nc6 Rb5 36. Ke3 Bd7 37. Nd4 Rxb4 38. Kxd3 Kf8 39. Ra1 Rb8 40. c6 Be6 41. Nxe6+ fxe6 42. Kc4 g5 43. Kc5 1-0

[Event "CRO-chT2 Center 22nd"]
[Site "Sisak"]
[Date "2013.04.21"]
[Round "3.6"]
[White "Buric, Zdenko"]
[Black "Kruljac, Petra"]
[Result "1/2-1/2"]
[WhiteElo "2159"]
[BlackElo "2069"]
[PlyCount "44"]
[EventDate "2013.04.14"]
[EventType "team-tourn"]
[EventRounds "11"]
[EventCountry "CRO"]
[SourceTitle "EXT 2016"]
[Source "ChessBase"]
[SourceDate "2015.10.08"]
[SourceVersion "1"]
[SourceVersionDate "2015.10.08"]
[SourceQuality "1"]

1. Nf3 d5 2. g3 c6 3. Bg2 Nf6 4. 0-0 Bf5 5. d3 h6 6. c4 e6 7. Qb3 Qb6 8. Qxb6 axb6 9. cxd5 exd5 10. e4 dxe4 11. Nfd2 Bg4 12. dxe4 Bc5 13. Nb3 Be7 14. Be3 Be6 15. N1d2 Nbd7 16. h3 0-0 17. a3 Bxb3 18. Nxb3 Ra4 19. Rad1 Rd8 20. Rd4 Rxd4 21. Bxd4 Nc5 22. Bxc5 Bxc5 1/2-1/2

[Event "CRO-ch (Women)"]
[Site "Rijeka"]
[Date "2013.03.16"]
[Round "9"]
[White "Saric, Zrinka"]
[Black "Kruljac, Petra"]
[Result "1/2-1/2"]
[WhiteElo "2134"]
[BlackElo "2069"]
[PlyCount "32"]
[EventDate "2013.03.09"]
[EventType "tourn"]
[EventRounds "9"]
[EventCountry "CRO"]
[SourceTitle "CBM 153 Extra"]
[Source "ChessBase"]
[SourceDate "2013.04.22"]
[SourceVersion "1"]
[SourceVersionDate "2013.04.22"]
[SourceQuality "1"]

1. e4 e6 2. d4 d5 3. Nc3 Nf6 4. e5 Nfd7 5. f4 c5 6. Nf3 Nc6 7. Be3 a6 8. Qd2 b5 9. Ne2 b4 10. c3 Qb6 11. Ng3 g6 12. Be2 h5 13. h4 a5 14. 0-0 Ba6 15. Rfc1 Bxe2 16. Nxe2 c4 1/2-1/2

[Event "CRO-chT (Women) 21st"]
[Site "Sibenik"]
[Date "2012.09.30"]
[Round "9.3"]
[White "Kruljac, Nina"]
[Black "Kruljac, Petra"]
[Result "1/2-1/2"]
[WhiteElo "2090"]
[BlackElo "2069"]
[PlyCount "21"]
[EventDate "2012.09.23"]
[EventType "team-tourn"]
[EventRounds "9"]
[EventCountry "CRO"]
[SourceTitle "CBM 150 Extra"]
[Source "ChessBase"]
[SourceDate "2012.10.19"]
[SourceVersion "1"]
[SourceVersionDate "2012.10.19"]
[SourceQuality "1"]
[WhiteTeam "Vrbovsko Goran (W)"]
[BlackTeam "Rijeka Lucija (W)"]
[WhiteTeamCountry "CRO"]
[BlackTeamCountry "CRO"]

1. e4 e6 2. d4 d5 3. Nd2 Nf6 4. e5 Nfd7 5. Bd3 c5 6. c3 Nc6 7. Ne2 cxd4 8. cxd4 a5 9. Nf3 a4 10. a3 Nb6 11. 0-0 1/2-1/2

[Event "CRO-chT (Women) 21st"]
[Site "Sibenik"]
[Date "2012.09.26"]
[Round "5.1"]
[White "Krivec, Jana"]
[Black "Kruljac, Petra"]
[Result "1/2-1/2"]
[WhiteElo "2240"]
[BlackElo "2069"]
[PlyCount "34"]
[EventDate "2012.09.23"]
[EventType "team-tourn"]
[EventRounds "9"]
[EventCountry "CRO"]
[SourceTitle "CBM 150 Extra"]
[Source "ChessBase"]
[SourceDate "2012.10.19"]
[SourceVersion "1"]
[SourceVersionDate "2012.10.19"]
[SourceQuality "1"]
[WhiteTeam "Ravna Gora Goranka (W)"]
[BlackTeam "Rijeka Lucija (W)"]
[WhiteTeamCountry "CRO"]
[BlackTeamCountry "CRO"]

1. e4 e6 2. d4 d5 3. Nc3 Bb4 4. e5 c5 5. a3 Bxc3+ 6. bxc3 Ne7 7. Qg4 Kf8 8. a4 Qc7 9. Nf3 b6 10. Ba3 Ba6 11. Bxa6 Nxa6 12. 0-0 h6 13. Nh4 g6 14. Qe2 Nb8 15. a5 Nd7 16. axb6 axb6 17. f4 h5 1/2-1/2

[Event "CRO-chT (Women) 21st"]
[Site "Sibenik"]
[Date "2012.09.23"]
[Round "1.1"]
[White "Kruljac, Petra"]
[Black "Repkova, Eva"]
[Result "1/2-1/2"]
[WhiteElo "2069"]
[BlackElo "2378"]
[PlyCount "69"]
[EventDate "2012.09.23"]
[EventType "team-tourn"]
[EventRounds "9"]
[EventCountry "CRO"]
[SourceTitle "CBM 150 Extra"]
[Source "ChessBase"]
[SourceDate "2012.10.19"]
[SourceVersion "1"]
[SourceVersionDate "2012.10.19"]
[SourceQuality "1"]
[WhiteTeam "Rijeka Lucija (W)"]
[BlackTeam "Busevec Polet (W)"]
[WhiteTeamCountry "CRO"]
[BlackTeamCountry "CRO"]

1. d4 d5 2. c4 Nc6 3. e3 e6 4. Nc3 Nf6 5. Nf3 Be7 6. Bd3 0-0 7. 0-0 Nb4 8. Be2 dxc4 9. Bxc4 c5 10. dxc5 Qc7 11. a3 Qxc5 12. Qe2 Nc6 13. b4 Qh5 14. Bb2 e5 15. Nd2 Bg4 16. f3 Bf5 17. Nd5 Nxd5 18. Bxd5 Rad8 19. e4 Be6 20. Bxe6 fxe6 21. Nb3 Nd4 22. Nxd4 exd4 23. Qc4 Rf6 24. Bxd4 Rh6 25. h3 Rg6 26. Kh1 Qg5 27. Ra2 Bd6 28. Bg1 Qg3 29. Rd1 Rf8 30. Qd4 Bc7 31. Qf2 Qe5 32. Qc5 Qg3 33. Qf2 Qe5 34. Qc5 Qg3 35. Qf2 1/2-1/2

[Event "Valpovo op (Women) 14th"]
[Site "Valpovo"]
[Date "2011.12.04"]
[Round "6"]
[White "Kruljac, Petra"]
[Black "Grgic, Neomi"]
[Result "1-0"]
[WhiteElo "2087"]
[BlackElo "1741"]
[PlyCount "81"]
[EventDate "2011.12.02"]
[EventType "swiss (rapid)"]
[EventRounds "7"]
[EventCountry "CRO"]
[SourceTitle "EXT 2014"]
[Source "ChessBase"]
[SourceDate "2013.11.20"]
[SourceVersion "1"]
[SourceVersionDate "2013.11.20"]
[SourceQuality "1"]

1. d4 d5 2. c4 dxc4 3. Nf3 Nf6 4. e3 e6 5. Bxc4 c5 6. 0-0 a6 7. a4 Nc6 8. b3 cxd4 9. exd4 Be7 10. Bb2 0-0 11. Nbd2 Nb4 12. Ne5 Bd7 13. Be2 Bc6 14. Nxc6 bxc6 15. Nc4 Nfd5 16. Bf3 Bf6 17. Ne5 Rc8 18. Rc1 Qd6 19. Be4 Bg5 20. Rc4 Nf6 21. Bf3 Nfd5 22. Ba3 a5 23. Rc5 Bd8 24. Nc4 Qf4 25. Bc1 Qf6 26. Ne5 Bb6 27. Rc4 Qe7 28. Be4 Rfd8 29. Qf3 c5 30. dxc5 Rxc5 31. Ba3 Nf6 32. Nc6 Nxc6 33. Bxc6 Rc8 34. Bxc5 Bxc5 35. Be4 Rb8 36. Bc2 Nd5 37. Rd1 Nb4 38. Bb1 Bb6 39. Rg4 Nd5 40. Qg3 Bc7 41. Rxg7+ 1-0

[Event "Valpovo op (Women) 14th"]
[Site "Valpovo"]
[Date "2011.12.04"]
[Round "7"]
[White "Sargac, Rajna"]
[Black "Kruljac, Petra"]
[Result "1/2-1/2"]
[WhiteElo "2132"]
[BlackElo "2087"]
[PlyCount "93"]
[EventDate "2011.12.02"]
[EventType "swiss (rapid)"]
[EventRounds "7"]
[EventCountry "CRO"]
[SourceTitle "EXT 2014"]
[Source "ChessBase"]
[SourceDate "2013.11.20"]
[SourceVersion "1"]
[SourceVersionDate "2013.11.20"]
[SourceQuality "1"]

1. d4 d5 2. Nf3 Nf6 3. Nc3 Bf5 4. e3 e6 5. Bd3 Bg4 6. h3 Bh5 7. g4 Bg6 8. Ne5 c5 9. Bb5+ Nfd7 10. h4 f6 11. Nxg6 hxg6 12. Qf3 Nc6 13. Bxc6 bxc6 14. h5 g5 15. Ne2 Nb6 16. 0-0 Bd6 17. Kg2 Qd7 18. a4 Rb8 19. a5 Nc8 20. b3 cxd4 21. exd4 e5 22. Ng3 e4 23. Qf5 Bxg3 24. Qxd7+ Kxd7 25. Kxg3 Nd6 26. Ba3 a6 27. Bc5 Rbe8 28. Rae1 Nf7 29. f3 exf3 30. Kxf3 Nd8 31. Rxe8 Rxe8 32. Rh1 Ne6 33. h6 gxh6 34. Rxh6 Nxc5 35. dxc5 Re6 36. c3 Kd8 37. Rh1 Re4 38. Rh8+ Re8 39. Rh6 Re6 40. b4 Kd7 41. Rg6 Re1 42. Rg7+ Re7 43. Rg8 Re8 44. Rg7+ Re7 45. Rg6 Re1 46. Kf2 Re6 47. Rg7+ 1/2-1/2